Thingamabobs! Quiz Stats

Quiz Updated Jul 13, 2016

Challenge
Share
Tweet
Embed
Score 0/125 Timer 03:00
15 Plays Today
Thingumbob Country % Correct
AntiquesUnited States
98.6%
PharmaceuticalsUnited States
98.6%
Perfumes & CosmeticsUnited States
98.6%
SoapUnited States
98.6%
CigarettesUnited States
98.6%
Sports EquipmentUnited States
98.6%
ToysUnited States
98.6%
FurnitureUnited States
98.6%
Arms & AmmunitionUnited States
98.6%
Musical InstrumentsUnited States
98.6%
Bottled WaterUnited States
98.6%
BooksUnited States
98.6%
JewelleryUnited States
98.6%
WigsUnited States
98.6%
SpectaclesUnited States
98.6%
CalculatorsUnited States
98.6%
CutleryUnited States
98.6%
RefrigeratorsUnited States
98.6%
BiocidesUnited States
98.6%
PencilsChina
98.5%
Sports EquipmentChina
98.5%
ToysChina
98.5%
FurnitureChina
98.5%
Musical InstrumentsChina
98.5%
Bottled WaterChina
98.5%
BooksChina
98.5%
WigsChina
98.5%
FootwearChina
98.5%
ClothingChina
98.5%
Clocks & WatchesChina
98.5%
SpectaclesChina
98.5%
CalculatorsChina
98.5%
GlasswareChina
98.5%
CutleryChina
98.5%
RefrigeratorsChina
98.5%
BiocidesChina
98.5%
PharmaceuticalsFrance
93.8%
Perfumes & CosmeticsFrance
93.8%
AntiquesFrance
93.8%
PencilsFrance
93.8%
Sports EquipmentFrance
93.8%
Bottled WaterFrance
93.8%
Thingumbob Country % Correct
BooksFrance
93.8%
Clocks & WatchesFrance
93.8%
GlasswareFrance
93.8%
BiocidesFrance
93.8%
CigarettesGermany
91.7%
AntiquesGermany
91.7%
FurnitureGermany
91.7%
Arms & AmmunitionGermany
91.7%
BooksGermany
91.7%
FootwearGermany
91.7%
ClothingGermany
91.7%
Clocks & WatchesGermany
91.7%
CalculatorsGermany
91.7%
CutleryGermany
91.7%
BiocidesGermany
91.7%
PharmaceuticalsGermany
91.7%
Perfumes & CosmeticsGermany
91.7%
SoapGermany
91.7%
PencilsGermany
91.7%
ToysGermany
91.7%
Musical InstrumentsGermany
91.7%
SpectaclesGermany
91.7%
GlasswareGermany
91.7%
RefrigeratorsGermany
91.7%
Musical InstrumentsJapan
91.7%
MatchesRussia
89.4%
AntiquesUnited Kingdom
86.9%
Perfumes & CosmeticsUnited Kingdom
86.9%
SoapUnited Kingdom
86.9%
BooksUnited Kingdom
86.9%
JewelleryUnited Kingdom
86.9%
RefrigeratorsMexico
86.3%
SoapItaly
83%
Sports EquipmentItaly
83%
FurnitureItaly
83%
Arms & AmmunitionItaly
83%
Bottled WaterItaly
83%
JewelleryItaly
83%
FootwearItaly
83%
ClothingItaly
83%
Clocks & WatchesItaly
83%
SpectaclesItaly
83%
Thingumbob Country % Correct
GlasswareItaly
83%
RefrigeratorsItaly
83%
MatchesIndia
81.4%
JewelleryIndia
81.4%
PencilsBrazil
80.9%
MatchesSweden
65.4%
PharmaceuticalsSwitzerland
62.5%
CigarettesSwitzerland
62.5%
AntiquesSwitzerland
62.5%
JewellerySwitzerland
62.5%
Clocks & WatchesSwitzerland
62.5%
WigsSouth Korea
58.4%
CutlerySouth Korea
58.4%
Arms & AmmunitionNorway
57.5%
CigarettesPoland
55.3%
FurniturePoland
55.3%
PencilsIndonesia
49.1%
Musical InstrumentsIndonesia
49.1%
WigsIndonesia
49.1%
Perfumes & CosmeticsIreland
48.4%
Sports EquipmentTaiwan
48.4%
SpectaclesTaiwan
48.4%
CalculatorsTaiwan
48.4%
FootwearVietnam
47.9%
WigsThailand
46.7%
ClothingTurkey
46.3%
GlasswareTurkey
46.3%
MatchesPakistan
44.4%
CutleryPakistan
44.4%
CigarettesNetherlands
41.1%
ToysNetherlands
41.1%
PharmaceuticalsBelgium
38.3%
Arms & AmmunitionBelgium
38.3%
Bottled WaterBelgium
38.3%
FootwearBelgium
38.3%
BiocidesBelgium
38.3%
SoapMalaysia
29.5%
ClothingBangladesh
25.3%
ToysCzechia
22.2%
CalculatorsSingapore
20.7%
MatchesBelarus
12.6%

You're not logged in!

Compare scores with friends on all Sporcle quizzes.
Sign Up with Email
OR
Log In

You Might Also Like...

Show Comments

Extras

Top Quizzes Today


Score Distribution

Your Account Isn't Verified!

In order to create a playlist on Sporcle, you need to verify the email address you used during registration. Go to your Sporcle Settings to finish the process.